|
|
|
|
| LEADER |
00000naa2a2200000 4500 |
| 001 |
386714 |
| 005 |
20231101063516.0 |
| 035 |
|
|
|a (RuTPU)RU\TPU\prd\15758
|
| 090 |
|
|
|a 386714
|
| 100 |
|
|
|a 20030630a2003 k y0rusy50 ca
|
| 101 |
0 |
|
|a rus
|
| 102 |
|
|
|a RU
|
| 200 |
1 |
|
|a А. Г. Гурвич: подлинная история биологического поля
|f О. Г. Гавриш
|
| 225 |
1 |
|
|a Проблемы и методы науки
|
| 461 |
|
1 |
|0 (RuTPU)RU\TPU\prd\1643
|t Химия и жизнь - XXI век
|o научно-популярный журнал
|f ИнформНаука
|d 1996-
|
| 463 |
|
1 |
|0 (RuTPU)RU\TPU\prd\15387
|t № 5
|v С. 32-37
|d 2003
|
| 600 |
|
1 |
|a Гурвич
|b А. Г.
|c учёный
|f 1874-1954
|g Александр Гаврилович
|2 stltpush
|3 (RuTPU)RU\TPU\pers\8381
|
| 610 |
1 |
|
|a биополя
|
| 610 |
1 |
|
|a биологическое поле
|
| 610 |
1 |
|
|a история науки
|
| 610 |
1 |
|
|a клетки
|
| 700 |
|
1 |
|a Гавриш
|b О. Г.
|
| 801 |
|
1 |
|a RU
|b 63413507
|c 20030630
|g PSBO
|
| 801 |
|
2 |
|a RU
|b 63413507
|c 20120903
|g RCR
|
| 942 |
|
|
|c BK
|